Art Film Fesztivál Kék Angyallal június 23. és július 1. között Trencsénteplicre és Trencsénre figyel a mozgókép rajongóinak hazai tábora

Bibliographic Details
Main Author: Tallósi, Béla, 1958- (Author)
Format: Article
Language:Hungarian
PhysicalDescription:Fotogr.
Subjects:

MARC

LEADER 00000nab a2200000 ar4500
001 vtls008954351
003 SK-MaSNL
005 20260319071317.0
008 060628c20060617xo |||||||| 000 b|hun
015 |a SNBRB2006/06  |2 snkbucl 
038 |a SNKBUCL 
040 |a DSZK  |b slo  |c DSZK  |d SNKBUCL  |e AACR2 
041 0 |a hun 
044 |a xo  |c SK 
080 |a 791.43.079  |x (437.6)  |2 1997 
100 1 |a Tallósi, Béla,  |d 1958-   |4 aut 
245 1 0 |a Art Film Fesztivál Kék Angyallal  |b június 23. és július 1. között Trencsénteplicre és Trencsénre figyel a mozgókép rajongóinak hazai tábora  |c Tallósi Béla 
300 |b Fotogr. 
611 2 7 |a Art film  |n (14. :  |d 2006 :  |c Trenčianske Teplice, Slovensko)  |2 snkbucl  |9 655152 
650 0 7 |a filmové festivaly a prehliadky  |2 snkbucl  |9 3405 
651 7 |a Trenčianske Teplice (Slovensko)  |2 snkbucl  |9 14503 
651 7 |a Trenčín (Slovensko)  |2 snkbucl  |9 159956 
773 0 |t Új szó  |g Évf. 59, sz. 139 (17.6.2006), o. 8 
852 |a SNK  |b KIS3GCP 
852 |a DSZK  |b KIS3GCP 
958 |a HU 
958 |a SK 
999 |c 1754833  |d 1756763